A course in microeconomic theory /

Gespeichert in:
Bibliographische Detailangaben
1. Verfasser: Kreps, David M (Verfasst von)
Format: Buch
Sprache:Englisch
Veröffentlicht: New York : Hervester Wheatsheaf, 1990
Ausgabe:1.vyd.
Schlagworte:
Tags: Tag hinzufügen
Keine Tags, Fügen Sie das erste Tag hinzu!

MARC

LEADER 00000nam a22000003a 4500
001 stu1502
005 20150617225617.9
008 920409s1990----xxu-----------------eng-d
020 |a 0-7450-0762-7 
040 |a STU  |b slo 
041 0 |a eng 
044 |a xxu 
080 |a 330.542  |7 stu_us_auth*stu8196 
100 1 |a Kreps, David M  |4 aut 
245 1 |a A course in microeconomic theory /  |c [aut.] Kreps,David M 
250 |a 1.vyd. 
260 |a New York :  |b Hervester Wheatsheaf,  |c 1990 
300 |a 839 s 
650 7 |a Mikroekonomika  |2 stusub 
996 |b E76365  |c R*76365  |l RRUM  |s A  |a 24  |w stu1502_0001